College Quizbowl Stats
College Quizbowl Stats
Circuits
Seasons
Sets
Records
Detailed Stats
About
Loading...
2024 ARCADIA at Claremont
Tossups
Bonuses
Players
Teams
Categories (Tossup)
Categories (Bonus)
Annika Larson
Claremont Colleges A
Categories
Category
Powers
Gets
Negs
BBs
Points
Earliest Buzz
Avg. Buzz
First Buzzes
Top 3 Buzzes
Geography
0
1
0
0
10
101
101.00
0
1
Literature - British Literature
0
1
0
0
10
80
80.00
0
1
Science - Other Science
0
1
0
0
10
73
73.00
0
1
Social Science
0
1
0
0
10
91
91.00
0
1
Science - Chemistry
0
1
1
0
5
100
100.00
0
1
Buzzes
Category
Answer
Value
Buzz Position
Science - Other Science
Fermat’s little theorem
10
73
Literature - British Literature
World War I
10
80
Science - Chemistry
dyes
-5
81
Social Science
consumption
10
91
Science - Chemistry
bio-
10
100
Geography
British Virgin Islands
10
101
Previous
1
Next